The time machine / (Record no. 6072)

MARC details
000 -LEADER
fixed length control field 00987nam a22002897a 4500
001 - CONTROL NUMBER
control field 6072
003 - CONTROL NUMBER IDENTIFIER
control field FISKH
005 - DATE AND TIME OF LATEST TRANSACTION
control field 20250307132556.0
008 - FIXED-LENGTH DATA ELEMENTS--GENERAL INFORMATION
fixed length control field 250306b cb ||||| |||| 00| 0 eng d
020 ## - INTERNATIONAL STANDARD BOOK NUMBER
International Standard Book Number 9780679803713
040 ## - CATALOGING SOURCE
Original cataloging agency FISKH
Language of cataloging eng
Transcribing agency FISKH
Modifying agency FISKH
050 ## - LIBRARY OF CONGRESS CALL NUMBER
Classification number PZ7.M36353 T
082 ## - DEWEY DECIMAL CLASSIFICATION NUMBER
Classification number 741.5942
100 ## - MAIN ENTRY--PERSONAL NAME
Personal name Wells, H.G
Dates associated with a name (1866–1946)
245 ## - TITLE STATEMENT
Title The time machine /
Statement of responsibility, etc. by H.G. Wells ; Adapted by Lea Martin ; Ilustrated by John Edena
250 ## - EDITION STATEMENT
Edition statement This edition first published in 1990
260 ## - PUBLICATION, DISTRIBUTION, ETC.
Place of publication, distribution, etc. New York :
Name of publisher, distributor, etc. A Stepping,
Date of publication, distribution, etc. 1990.
300 ## - PHYSICAL DESCRIPTION
Extent 93 pages :
Other physical details illustrations ;
Dimensions 20 cm
505 ## - FORMATTED CONTENTS NOTE
Formatted contents note Z<br/>
520 ## - SUMMARY, ETC.
Summary, etc. A scientist invents a time machine and uses it to travel to the year 802,701 A.D., where he discovers the childlike Eloi and the hideous underground Morlocks.<br/>
521 8# - TARGET AUDIENCE NOTE
Target audience note 1010<br/>
Source Lexile<br/>
521 8# - TARGET AUDIENCE NOTE
Target audience note Z<br/>
Source Raz-Plus<br/>
650 ## - SUBJECT ADDED ENTRY--TOPICAL TERM
Source of heading or term Time machine
Topical term or geographic name entry element Science fiction
650 ## - SUBJECT ADDED ENTRY--TOPICAL TERM
Source of heading or term Adapted version
Topical term or geographic name entry element Fic Wel
942 ## - ADDED ENTRY ELEMENTS (KOHA)
Source of classification or shelving scheme Dewey Decimal Classification
Koha item type Books
Suppress in OPAC No
Holdings
Withdrawn status Lost status Source of classification or shelving scheme Damaged status Not for loan Collection Home library Current library Shelving location Date acquired Total Checkouts Full call number Barcode Date last seen Copy number Price effective from Koha item type
    Dewey Decimal Classification     Fiction Footprints International School Library Network Toul Tom Poung Campus Footprints International School Library Network Toul Tom Poung Campus TTP Secondary Fiction Bookshelves 03/06/2025   WEL 741.5942 PZ7.M36353 T 2025-0737 03/06/2025 1 03/06/2025 Books